[Event "Sachsen-ch Seniors op 17th"]
[Site "Dresden"]
[Date "2009.02.11"]
[Round "3"]
[White "Eskandary, Jahja"]
[Black "Petzold, Hans"]
[Result "1/2-1/2"]
[WhiteElo "2083"]
[BlackElo "2088"]
[PlyCount "68"]
[EventDate "2009.02.09"]
[EventType "swiss"]
[EventRounds "9"]
[EventCountry "GER"]
[SourceTitle "EXT 2022"]
[Source "ChessBase"]
[SourceDate "2021.10.06"]
[SourceVersion "1"]
[SourceVersionDate "2021.10.06"]
[SourceQuality "1"]

1. e4 e6 2. d4 d5 3. Nc3 Bb4 4. e5 c5 5. a3 Bxc3+ 6. bxc3 Qc7 7. Qg4 f5 8. Qg3 Nc6 9. Ne2 Nge7 10. Bb2 0-0 11. Qe3 Bd7 12. Nf4 Rae8 13. Nd3 cxd4 14. cxd4 b6 15. Rc1 Na5 16. Nb4 Nc4 17. Bxc4 Qxc4 18. Qd3 a5 19. Qxc4 dxc4 20. Na2 b5 21. Bc3 Ra8 22. Bd2 Bc6 23. f3 Rfb8 24. Kf2 Nd5 25. Rb1 Nc7 26. Rhe1 Rd8 27. c3 Nd5 28. Rec1 h6 29. h4 f4 30. Rh1 Rab8 31. Rbe1 Be8 32. Rc1 Bg6 33. Ra1 Rf8 34. Rhg1 Kh7 1/2-1/2